| 000 | 01282nam a22003257a 4500 | ||
|---|---|---|---|
| 003 | CHAP | ||
| 005 | 20220329135917.0 | ||
| 008 | 971013s1977 r 00010 d | ||
| 010 | _a43981 | ||
| 011 | _a44953 | ||
| 035 | _a49092 | ||
| 040 | _cCHAP | ||
| 082 |
_a029.5 _bT3 1977 |
||
| 100 | 0 | 0 |
_aTaky, Jaques _ecomp. _9111391 |
| 245 | _aCanadian agricultural thesaurus | ||
| 260 |
_a(s.l.) : _bDepartment of Agriculture, _c1977 |
||
| 300 | _a4 v. | ||
| 505 | _aContenido : v.1 Pte. 1 (Section general); v.1 Pte. 2 (sSection general); v.2 (Systematics plants and viruses); v.3 (Systematics animals); v.4 (Chemicals products) | ||
| 590 |
_aBATCH-UPD _b10 _c20130110 _lUCH01 _h1038 |
||
| 590 |
_aCONVERSION _b10 _c20130109 _lUCH01 _h1324 |
||
| 650 | 1 | 4 |
_aAgricultura _xTesauros. _91838 |
| 650 | 1 | 4 |
_aEncabezamientos de materia _xAgricultura. _936719 |
| 901 | _aBK | ||
| 942 | _cLIBRO | ||
| 949 |
_a029.5 T3 1977 _bBC _cC _d33724000480232 _eC _fv.2 _h60989 _i49092 _si |
||
| 949 |
_a029.5 T3 1977 _bBC _cC _d33724000480257 _eC _fv.1 Pte.1 _h60987 _i49092 _si |
||
| 949 |
_a029.5 T3 1977 _bBC _cC _d33724000480273 _eC _fv.4 _h60991 _i49092 _si |
||
| 949 |
_a029.5 T3 1977 _bBC _cC _d33724000480281 _eC _fv.3 _h60990 _i49092 _si |
||
| 949 |
_a029.5 T3 1977 _bBC _cC _d33724000480299 _eC _fv.1 Pte.2 _h60988 _i49092 _si |
||
| 999 |
_c43981 _d43981 |
||